Santa Teresa y la iglesia
Furkejuvvon:
| Váldodahkki: | |
|---|---|
| Materiálatiipa: | Girji |
| Giella: | espánnjágiella |
| Almmustuhtton: |
Burgos
Monte Carmelo
1980
|
| Ráidu: | Karmel, 4
|
| Fáttát: | |
| Fáddágilkorat: |
Lasit fáddágilkoriid
Eai fáddágilkorat, Lasit vuosttaš fáddágilkora!
|
MARC
| LEADER | 00000nam a2200000 a 4500 | ||
|---|---|---|---|
| 001 | UCS9528 | ||
| 003 | CL-VaPUC | ||
| 008 | 971121e19800000SP |||||||||||||||||spa|d | ||
| 082 | 0 | 4 | |a 248.894 |b ALV |2 21 |
| 100 | 0 | |a Alvarez, Tomás |e author |9 394683 | |
| 245 | 1 | 0 | |a Santa Teresa y la iglesia |
| 300 | |a 145 p | ||
| 942 | |c BK | ||
| 945 | |d 19971121 00:00:00 |a jquezada | ||
| 260 | |a Burgos |b Monte Carmelo |c 1980 | ||
| 650 | 0 | |a Cristianismo |9 257361 | |
| 650 | 0 | |a Iglesia |9 255004 | |
| 650 | 0 | |a Misticismo |9 265505 | |
| 650 | 7 | |a DOCTRINA RELIGIOSA |2 CL-VaPUC |9 333854 | |
| 583 | |a last modification |c 19971121 00:00:00 |k Rodrigo Vera | ||
| 490 | 0 | |a Karmel, 4 | |
| 999 | |c 263313 |d 263311 | ||
| 952 | |0 0 |1 0 |4 0 |6 248_894000000000000_ALV_1980 |7 0 |8 A |9 292537 |a BIBEDU |b BIBEDU |d 2019-11-19 |i 3366804 |o 248.894 ALV 1980 |p 3366804 |r 2019-11-19 |w 2019-11-19 |y BK |k LIT | ||